Normal view
MARC view
- Supervisor: Dr. Seemab Latif
Entry Personal Name
001 - CONTROL NUMBER
- control field: 96493
003 - CONTROL NUMBER IDENTIFIER
- control field: NUST
005 - DATE AND TIME OF LATEST TRANSACTION
- control field: 20220804092421.0
008 - FIXED-LENGTH DATA ELEMENTS
- fixed length control field: 220804|| aca||aabn | a|a d
040 ## - CATALOGING SOURCE
- Original cataloging agency: NUST
- Transcribing agency: NUST
100 ## - HEADING--PERSONAL NAME
- Personal name: Supervisor: Dr. Seemab Latif
670 ## - SOURCE DATA FOUND
- Source citation: Work cat.: (NUST): Farrukh, Syeda Aiman 96491, Impact of Lifestyle Factors on Life Expectancies in Pakistan /
